00732nam a2200241 a 4500001001300000003000900013005001700022008004100039020002500080082001600105100002200121245004000143260004900183300000900232500003500241505002200276650002100298700002200319902000800341942000700349952011700356999001700473nice12345678IN_TiNIC20260116013607.0050524s1991 alba grp 000 0 eng  a0791444 c367.500a956.91bANT aAntoun, Richard T aSyriab Society, Culture and Polity aAlbany bState University of New York c1991 a165p aincludes index and biblioraphy2 aGlossary of Terms aSyria-Congresses1 aAntoun, Richard T bSRS cBK 001040708StackRoom-aHMIbHMId2007-05-30g367.50l0o956.91 ANTp015164r2007-05-30v367.50w2005-05-24yBK c11588d11588